Welcome to the Holygrace Academy Library

Please use search bar below to get started

THAVALABHAGAVATHARUDE KACHERI (Record no. 7104)

MARC details
000 -LEADER
fixed length control field 00317nam a22001337a 4500
020 ## - INTERNATIONAL STANDARD BOOK NUMBER
ISBN 978-93-86905-52-9
082 ## - DEWEY DECIMAL CLASSIFICATION NUMBER
Classification number 894.812.3
Item number ARI/T
100 ## - MAIN ENTRY--AUTHOR NAME
Personal name ARIMBOOR,VARGHESE
245 ## - TITLE STATEMENT
Title THAVALABHAGAVATHARUDE KACHERI
260 ## - PUBLICATION, DISTRIBUTION, ETC. (IMPRINT)
Place of publication THRISSUR
Name of publisher H&C PUBLISHING HOUSE
300 ## - PHYSICAL DESCRIPTION
Number of Pages 144
650 ## - SUBJECT ADDED ENTRY--TOPICAL TERM
Topical Term STORY
Geographic subdivision KERALA
942 ## - ADDED ENTRY ELEMENTS (KOHA)
Koha item type Books

No items available.